Hodnotenie efektívnosti krajín v oblasti udržateľného cestovného ruchu diplomová práca

Gespeichert in:
Bibliographische Detailangaben
1. Verfasser: Lacková, Alexandra
Körperschaft: Obchodná fakulta EU. Katedra cestovného ruchu
Weitere Verfasser: Lacko, Roman, 1988-
Format: Buch
Sprache:Slowakisch
Veröffentlicht: Bratislava 2025
Tags: Tag hinzufügen
Keine Tags, Fügen Sie das erste Tag hinzu!

MARC

LEADER 00000nbm a2200000 4500
001 0310213
005 20251118113626.2
041 0 |a slo 
044 |a SK 
245 1 0 |a Hodnotenie efektívnosti krajín v oblasti udržateľného cestovného ruchu  |b diplomová práca  |c Alexandra Lacková ; školiteľ: Roman Lacko 
264 1 |a Bratislava  |c 2025 
300 |a 78 s. 
100 1 |a Lacková, Alexandra 
700 1 |a Lacko, Roman, 1988- 
710 2 |a Obchodná fakulta EU. Katedra cestovného ruchu